Ley no. 16-95 sobre inversión extranjera (Registro nro. 59359)
[ vista simple ]
| 000 -CABECERA | |
|---|---|
| campo de control de longitud fija | 00691nam a22002417i 4500 |
| 003 - IDENTIFICADOR DEL NÚMERO DE CONTROL | |
| campo de control | DO-SdBNP |
| 005 - FECHA Y HORA DE LA ÚLTIMA TRANSACCIÓN | |
| campo de control | 20250623105751.0 |
| 007 - CAMPO FIJO DE DESCRIPCIÓN FÍSICA--INFORMACIÓN GENERAL | |
| campo de control de longitud fija | ta |
| 008 - DATOS DE LONGITUD FIJA--INFORMACIÓN GENERAL | |
| campo de control de longitud fija | 250523b1996 |||||||| |||| 00| 0 spa d |
| 040 ## - FUENTE DE LA CATALOGACIÓN | |
| Centro catalogador/agencia de origen | DO-SdBNP |
| Lengua de catalogación | spa |
| Centro/agencia transcriptor | BNPHU |
| Normas de descripción | rda |
| 041 ## - CÓDIGO DE LENGUA | |
| Código de lengua original | spa |
| 082 ## - NÚMERO DE LA CLASIFICACIÓN DECIMAL DEWEY | |
| Número de clasificación | xxx |
| Número de documento/Ítem | R426L |
| Número de edición | 22 |
| 110 ## - ENTRADA PRINCIPAL--NOMBRE DE ENTIDAD CORPORATIVA | |
| Nombre de entidad corporativa o nombre de jurisdicción como elemento de entrada | República Dominicana. |
| Unidad subordinada | [Leyes, etc.] |
| 9 (RLIN) | 607 |
| 245 1# - MENCIÓN DE TÍTULO | |
| Título | Ley no. 16-95 sobre inversión extranjera |
| 264 ## - PRODUCCIÓN, PUBLICACIÓN, DISTRIBUCIÓN, FABRICACIÓN Y COPYRIGHT | |
| Producción, publicación, distribución, fabricación y copyright | Santo Domingo : |
| Nombre del de productor, editor, distribuidor, fabricante | [Editora no identificada] |
| Fecha de producción, publicación, distribución, fabricación o copyright | 1996 |
| 300 ## - DESCRIPCIÓN FÍSICA | |
| Extensión | 12 páginas ; |
| Dimensiones | 27 cm |
| 336 ## - TIPO DE CONTENIDO | |
| Término de tipo de contenido | rdacontent |
| Código de tipo de contenido | texto |
| Fuente | txt |
| 337 ## - TIPO DE MEDIO | |
| Nombre/término del tipo de medio | rdamedia |
| Código del tipo de medio | sin mediación |
| Fuente | n |
| 338 ## - TIPO DE SOPORTE | |
| Nombre/término del tipo de soporte | rdacarrier |
| Código del tipo de soporte | volumen |
| Fuente | nc |
| 590 ## - NOTA LOCAL (RLIN) | |
| Nota local | Inventariado, 2025/DG |
| 910 ## - DATOS DE OPCIÓN DEL USUARIO (OCLC) | |
| Datos de opción del usuario | DG |
| 942 ## - ELEMENTOS DE PUNTO DE ACCESO ADICIONAL (KOHA) | |
| Fuente del sistema de clasificación o colocación | Dewey Decimal Classification |
| Tipo de ítem Koha | Folleto |
| Estado de retiro | Estado de pérdida | Fuente del sistema de clasificación o colocación | Restricciones de uso | No para préstamo | Código de colección | Localización permanente | Ubicación/localización actual | Ubicación en estantería | Fecha de adquisición | Fuente de adquisición | Total de préstamos | Signatura topográfica completa | Código de barras | Fecha visto por última vez | Precio válido a partir de | Tipo de ítem Koha |
|---|---|---|---|---|---|---|---|---|---|---|---|---|---|---|---|---|
| Dewey Decimal Classification | Excluido de préstamo | Patrimonio Dominicano Folletos | Biblioteca Nacional Pedro Henríquez Ureña | Biblioteca Nacional Pedro Henríquez Ureña | En catalogación | 23.06.2025 | donación | BNPHU PD R426L | 2025-5441 | 23.06.2025 | 23.06.2025 | Folleto |
